| 000 | 00524nam a2200157u 4500 | ||
|---|---|---|---|
| 001 | 000019018 | ||
| 005 | 20200929165913.0 | ||
| 008 | 821213s1972 xxc 000 0 fre | ||
| 020 | _a0776613014 | ||
| 040 |
_aDO-SdBNP _cspa _dBNPHU |
||
| 082 |
_axxx _bM341h |
||
| 100 | 1 |
_aMarion, Séraphin, _d1896- _940917 |
|
| 245 | 1 | 0 |
_aHauts faits du Canada francais : _brelevés et commentés par des Anglophones / _cSéraphin Marion. |
| 260 |
_aOttawa, Canada : _bÉditions de l'Université d'Ottawa, _c1972. |
||
| 300 |
_a206 p. ; _c21 cm. |
||
| 999 |
_c18536 _d18536 |
||